banner-ar

ANCIENT EGYPT : (Record no. 17439)

MARC details
000 -الفاتح
حقل البيانات ثابتة الطول 00690nam a2200253Ia 4500
008 - عناصر البيانات ثابتة الطول - معلومات عامة
حقل البيانات ثابتة الطول 140319s9999 xx 000 0 eng d
020 ## - الرقم الدولى المعيارى للكتب
الرقم الدولى المعيارى للكتاب 0521284279
040 ## - مصدر الفهرسة
وكالة الفهرسة الأصلية GCL /
وكالة النسخ GCL
082 04 - رقم تصنيف ديوى العشرى
رقم التصنيف CC
رقم المادة 932
-- T A
100 1# - المدخل الرئيسى - إسم شخصى
الإسم الشخصى TRIGGER, B.G.
245 10 - بيان العنوان
العنوان ANCIENT EGYPT :
بقية العنوان A SOCIAL HISTORY /
بيان المسئوليه,etc TRIGGER, B.G.
700 1# - المدخل الاضافى - اسم شخصى
الإسم الشخصى KEMP B J
700 1# - المدخل الاضافى - اسم شخصى
الإسم الشخصى CONNOR, D.O
260 ## - PUBLICATION, DISTRIBUTION, ETC. (IMPRINT)
تاريخ النشر أو التوزيع 1999
300 ## - الوصف المادى
التعداد 540 P
تفاصيل ماديه اخرى للوعاء ILL, MAPS ؛
أبعاد الوعاء 24 cm.
650 04 - المدخل الاضافى بالموضوع-مصطلح موضوعى
مصطلح موضوعي SOCIAL HISTORY
650 04 - المدخل الاضافى بالموضوع-مصطلح موضوعى
مصطلح موضوعي ANCIENT EGYPT - HISTORY
650 04 - المدخل الاضافى بالموضوع-مصطلح موضوعى
مصطلح موضوعي EGYPT
650 04 - المدخل الاضافى بالموضوع-مصطلح موضوعى
مصطلح موضوعي EGYPTOLOGY
650 04 - المدخل الاضافى بالموضوع-مصطلح موضوعى
مصطلح موضوعي EGYPT - HISTORY
650 04 - المدخل الاضافى بالموضوع-مصطلح موضوعى
مصطلح موضوعي EGYPT - CIVILIZATION
942 ## - عناصر المدخل الإضافي( كوها)
مصدر التصنيف او مخطط الترفيف Dewey Decimal Classification
Koha [default] item type كتاب
260 ## - PUBLICATION, DISTRIBUTION, ETC. (IMPRINT)
-- انجلترا :
-- CAMBRIBGE UNIVERSITY PRESS ،
Holdings
حالة التراجع حالة الفقد حالة تلف ليس للاعارة المكان المؤقت الموقع الحالى تاريخ الاكتساب اجمالي اﻻعارات رقم الطلب الباركود تاريخ اخر مشاهدة تاريخ تفعيل السعر نوع وعاء كوها
        مكتبة القاهرة الكبرى مكتبة القاهرة الكبرى 03/26/2014   CC\932\T A 31555 03/26/2014 03/26/2014 كتاب
        مكتبة القاهرة الكبرى مكتبة القاهرة الكبرى 03/26/2014   CC\932\T A 31556 03/26/2014 03/26/2014 كتاب
        مكتبة القاهرة الكبرى مكتبة القاهرة الكبرى 03/26/2014   CC\932\T A 31557 03/26/2014 03/26/2014 كتاب
        مكتبة القاهرة الكبرى مكتبة القاهرة الكبرى 03/26/2014   CC\932\T A 31558 03/26/2014 03/26/2014 كتاب
        مكتبة القاهرة الكبرى مكتبة القاهرة الكبرى 03/26/2014   CC\932\T A 31559 03/26/2014 03/26/2014 كتاب
        مكتبة القاهرة الكبرى مكتبة القاهرة الكبرى 03/26/2014   CC\932\T A 31560 03/26/2014 03/26/2014 كتاب

Powered By

EGPV